| 000 | 00573nam a22001577a 4500 | ||
|---|---|---|---|
| 082 |
_a621.31 _bAIM |
||
| 100 |
_aAiman, Fateha (360684) _9120000 |
||
| 245 | _aExploring the Electrical Characteristics Of HTV Silicone Rubber Subjected To Multiples Stress Aging, Incorporating ATH, And Silica Filters / | ||
| 264 |
_aIslamabad : _bUSPCAS-E, NUST _cNovember, 2023. |
||
| 300 |
_axiii, 65 p. _e+CD |
||
| 520 | _aTh-551 TH-551 | ||
| 650 | _aMS EEP Thesis | ||
| 650 |
_aMS Thesis _918721 |
||
| 700 |
_aDr. Muhammad Farasat Abbas _9117885 |
||
| 942 |
_2ddc _cTHE |
||
| 999 |
_c607468 _d607468 |
||